000
00305nam a2200133 a 4500
001
4317
003
CDMR
005
20130116135254.0
008
130130s1979||||||||||||||||||||||||||||d
040
_a
CDMR
_b
cat
_c
CDMR
245
0
_a
Diccionario de lingüística
260
_a
Barcelona
_c
1979
_b
Labor
942
_c
MON
999
_c
4317
_d
4317